Sports Quiz

Random Sports or MLB Quiz
Score 0/38 Timer 08:00
0 Plays Today
RBI Player % Correct
159Ted Williams
100%
148David Ortiz
100%
145Ted Williams
100%
139David Ortiz
100%
137David Ortiz
100%
137Ted Williams
100%
127David Ortiz
100%
127Ted Williams
100%
126Ted Williams
100%
123Ted Williams
100%
120Ted Williams
100%
144Manny Ramirez
98.4%
130Manny Ramirez
98.4%
125Manny Ramirez
98.4%
175Jimmie Foxx
97.7%
143Jimmie Foxx
97.7%
127Jimmie Foxx
97.7%
139Jim Rice
95.3%
130Jim Rice
95.3%
RBI Player % Correct
126Jim Rice
95.3%
122Jim Rice
95.3%
121Carl Yastrzemski
94.6%
130J. D. Martinez
93%
143Mo Vaughn
91.5%
126Mo Vaughn
91.5%
123Dwight Evans
89.1%
122Fred Lynn
87.6%
122Nomar Garciaparra
86.8%
120Nomar Garciaparra
86.8%
123Tony Armas
80.6%
120Mike Lowell
70.5%
159Vern Stephens
67.4%
144Vern Stephens
67.4%
137Vern Stephens
67.4%
122Jackie Jensen
67.4%
120Bobby Doerr
66.7%
144Walt Dropo
51.9%
121Buck Freeman
22.5%
Remove Ads.
Support Sporcle.
Get the best of Sporcle when you Go Orange. This ad-free experience offers more features, more stats, and more fun while also helping to support Sporcle. Thank you for becoming a member.

You're not logged in!

Compare scores with friends on all Sporcle quizzes.
OR
Log In

Show Comments

Extras

Top Quizzes Today


Score Distribution

Your Account Isn't Verified!

In order to create a playlist on Sporcle, you need to verify the email address you used during registration. Go to your Sporcle Settings to finish the process.

Report this User

Report this user for behavior that violates our Community Guidelines.

Details: